| 000 | 00551nam a22001817a 4500 | ||
|---|---|---|---|
| 005 | 20230602011227.0 | ||
| 008 | 221215b |||||||| |||| 00| 0 eng d | ||
| 020 | _a971-08-7097-1 | ||
| 082 | _aG.S./Fil. 001.4 C164. 2010 | ||
| 100 |
_aCalmorin, Laurentina P. _eauthor |
||
| 245 |
_aResearch and statistics with computer / _cDr. Laurentina Paler-Calmorin |
||
| 260 |
_aMandaluyong City: _bNational Bookstore, _cc2010. |
||
| 300 | _axiv, 610p. | ||
| 504 | _aIncludes bibliographies | ||
| 541 | _e1235 | ||
| 650 | _aResearch | ||
| 650 | _aStatistics | ||
| 999 |
_c409 _d409 |
||